1802 1650 1077 1313 1834 1324 1970 1890 1320 1791 1942 1376 1053 1315 1398 1330 1710 1764 1160 1712 1970 1331 1378 1347 1166 1181 1953 1550 1742 1223 1211 1340 1534 1708 1181 1688 1455 1090 1240 1532 1575 1514 1270 1534 1929 1152 1310 1060 1598 1539 1188 1930 1246 1477 1456 1893 1722 1559 1470 1003 1850 1538 1650 1004 1367 1026 1771 1198 1976 1504 1684 1463 1803 1397 1114 1672 1558 1123 1810 1455 1672 1732 1437 1460 1606 1844 1360 1696 1328 1437 1494 1406 1320 1258 1658 1306 1194 1773 1969 BCNSPRNW ULIB Ver.6.0+V

เปลี่ยนเป็นภาษาไทย

Change to English
 แสดงรายละเอียดบรรณานุกรม
  กลับหน้าหลัก

Brief Record : Get Marc (ISO 2709) : E-mail record : QR code < ปิดหน้าต่าง
LEADER : 00000nam 2200000uu 4500
001    13399120353
003     ULIB
008    120918s2548||||th 000 0 tha d
020    ^a9749377656
020    ^a9789749377659
060 04 ^aWY157^bว337ก 2548
245 00 ^aการพยาบาลสูติศาสตร์ =^bอาหารสมุนไพรสำหรับสตรีมีครรภ์และมารดาหลังคลอด : Obstetrics nursing herb diet for pregnancy and post partumwomen /^cบรรณาธิการ, วรุณวรรณ ผาโคตร, สิรนาถ นุชนาถ
246 31 ^aObstetrics nursing herb diet for pregnancy and post partumwomen
250    ^aพิมพ์ครั้งที่ 1
260    ^aกรุงเทพฯ :^bเค.เอส.พี การพิมพ์,^c2548
300    ^aก-ญ, 256 หน้า ;^c26 ซม.
650  7 ^aการพยาบาลสูติศาสตร์
650  7 ^aมารดา^xโภชนาการ
650  7 ^aระยะหลังคลอด^xโภชนาการ
650  7 ^aสมุนไพร
650  7 ^aสูติศาสตร์
650  7 ^aอนามัยแม่และเด็ก
700 0  ^aวรุณวรรณ ผาโคตร,^eบรรณาธิการ
700 0  ^aสิรนาถ นุชนาถ,^eบรรณาธิการ
945    ^p199^l0^i14214
995    ^aวิภา
999 ^a ใช้งานได้ทุกระบบ
รายการนี้ยังไม่มีแท็ก
คุณยังไม่ได้ล็อกอิน คุณสามารถมีกิจกรรมร่วมกับเว็บไซต์ได้ แต่ต้องล็อกอินก่อน ::
  ล็อกอิน

รายการสื่อสารสนเทศ

ลำดับที่ ประเภท เลขเรียก/บาร์โค้ด สถานที่ สถานะ
1. วิทยาศาสตร์การแพทย์ และสุขภาพ
วิทยาศาสตร์การแพทย์ และสุขภาพ
WY157 ว337ก 2548  
  Barcode: 14214
ห้องสมุดวิทยาเขตสวรรค์ประชารักษ์
►หนังสือทั่วไป
บนชั้น

รายการใกล้เคียง
    หัวเรื่อง [การพยาบาลสูติศาสตร์]
    หัวเรื่อง [สมุนไพร]
    หัวเรื่อง [สูติศาสตร์]
    หัวเรื่อง [อนามัยแม่และเด็ก]

BibComment


ยังไม่เคยถูกคอมเมนท์

คอมเมนท์ทรัพยากรรายการนี้
  คอมเมนท์: การพยาบาลสูติศาส..


 Copyright 2026. Bcnsprnw @Library